[Event "GER-chT Federal Cup (Women)"]
[Site "Braunfels"]
[Date "2015.06.05"]
[Round "2.7"]
[White "Tinnes, Marie Christine"]
[Black "Zell, Mirjam"]
[Result "1/2-1/2"]
[WhiteElo "1153"]
[BlackElo "1336"]
[PlyCount "139"]
[EventDate "2015.06.04"]
[EventType "team-swiss"]
[EventRounds "5"]
[EventCountry "GER"]
[SourceTitle "CBM 167 Extra"]
[Source "ChessBase"]
[SourceDate "2015.09.14"]
[SourceVersion "1"]
[SourceVersionDate "2015.09.14"]
[SourceQuality "1"]
[WhiteTeam "Saarland (W)"]
[BlackTeam "Wuerttemberg (W)"]
[WhiteTeamCountry "GER"]
[BlackTeamCountry "GER"]

1. d4 d5 2. Nf3 Nf6 3. g3 e6 4. Bg2 Be7 5. 0-0 0-0 6. Nbd2 Nbd7 7. b3 b6 8. Bb2 Bb7 9. c4 c5 10. e3 Bd6 11. Qc2 Re8 12. Rfe1 Rb8 13. Rab1 Qc7 14. Re2 e5 15. dxe5 Nxe5 16. Nxe5 Bxe5 17. Bxe5 Rxe5 18. Nf3 Ree8 19. Rbe1 Ba6 20. Rd2 dxc4 21. bxc4 Rbd8 22. Red1 Rxd2 23. Rxd2 Re4 24. Bf1 Qe7 25. Bd3 Re6 26. Ng5 Rd6 27. Bxh7+ Kf8 28. Bd3 Bb7 29. e4 Nxe4 30. Bxe4 Rxd2 31. Qxd2 Bxe4 32. Nxe4 Qxe4 33. Qd8+ Qe8 34. Qd6+ Kg8 35. a3 Qe1+ 36. Kg2 Qe4+ 37. Kg1 Qxc4 38. Qc7 Qc1+ 39. Kg2 Qxa3 40. Qd8+ Kh7 41. Qh4+ Kg6 42. Qg4+ Kf6 43. Qf4+ Ke6 44. Qg4+ Kd6 45. Qf4+ Kc6 46. Qxf7 Qa1 47. Qf3+ Kb5 48. Qb3+ Ka5 49. Qf7 a6 50. h4 b5 51. g4 c4 52. h5 Qf6 53. Qxf6 gxf6 54. h6 c3 55. h7 c2 56. h8Q c1Q 57. Qxf6 b4 58. Qd8+ Ka4 59. Qd7+ Ka5 60. Qd8+ Kb5 61. Qd7+ Qc6+ 62. Qxc6+ Kxc6 63. g5 Kd6 64. f4 Ke6 65. Kf3 Kf5 66. Ke3 a5 67. Kd2 a4 68. Kc1 a3 69. Kb1 b3 70. Ka1 1/2-1/2

[Event "GER-chT Federal Cup (Women)"]
[Site "Braunfels"]
[Date "2014.06.20"]
[Round "2.7"]
[White "Michels, Kim"]
[Black "Tinnes, Marie Christine"]
[Result "1/2-1/2"]
[WhiteElo "1534"]
[BlackElo "1104"]
[PlyCount "48"]
[EventDate "2014.06.19"]
[EventType "team-swiss"]
[EventRounds "5"]
[EventCountry "GER"]
[SourceTitle "EXT 2015"]
[Source "ChessBase"]
[SourceDate "2014.11.20"]
[SourceVersion "1"]
[SourceVersionDate "2014.11.20"]
[SourceQuality "1"]
[WhiteTeam "Thueringen (W)"]
[BlackTeam "Saarland (W)"]
[WhiteTeamCountry "GER"]
[BlackTeamCountry "GER"]

1. e4 c6 2. d4 d5 3. Nc3 dxe4 4. Nxe4 Bf5 5. Ng3 Bg6 6. Nf3 Nd7 7. Be2 Qc7 8. h4 h6 9. Qd2 e6 10. b3 Bd6 11. c4 Bxg3 12. fxg3 Qxg3+ 13. Kf1 Ngf6 14. Ne5 Ne4 15. Qf4 Qxf4+ 16. Bxf4 Nxe5 17. Bxe5 0-0 18. h5 Bh7 19. Rh4 f6 20. Bh2 Rad8 21. Rd1 Nc3 22. Rd2 Nxe2 23. Kxe2 Rfe8 24. Ke3 b6 1/2-1/2

[Event "GER-chT Federal Cup (Women)"]
[Site "Braunfels"]
[Date "2013.05.31"]
[Round "2.7"]
[White "Naipal, Victoria"]
[Black "Tinnes, Marie Christine"]
[Result "1-0"]
[WhiteElo "1816"]
[BlackElo "1116"]
[PlyCount "61"]
[EventDate "2013.05.30"]
[EventType "team-swiss"]
[EventRounds "5"]
[EventCountry "GER"]
[SourceTitle "EXT 2014"]
[Source "ChessBase"]
[SourceDate "2013.11.20"]
[SourceVersion "1"]
[SourceVersionDate "2013.11.20"]
[SourceQuality "1"]
[WhiteTeam "Hamburg (W)"]
[BlackTeam "Saarland (W)"]
[WhiteTeamCountry "GER"]
[BlackTeamCountry "GER"]

1. e4 c6 2. d4 d5 3. e5 Bf5 4. Nf3 e6 5. Be2 Nd7 6. 0-0 Qc7 7. Nbd2 c5 8. c3 a6 9. Nh4 Bg6 10. f4 Ne7 11. Ndf3 h6 12. Nxg6 Nxg6 13. g4 0-0-0 14. f5 Ne7 15. Ne1 Nc6 16. Be3 Be7 17. Nd3 c4 18. Nf4 Nf8 19. b3 b5 20. a4 g6 21. f6 Bxf6 22. exf6 Nd7 23. axb5 Na7 24. bxc4 Nxf6 25. Qa4 e5 26. Qxa6+ Qb7 27. Qxb7+ Kxb7 28. dxe5 Ne4 29. Rxa7+ Kb8 30. Rfa1 Nxc3 31. Ra8+ 1-0

[Event "GER-chT Federal Cup (Women)"]
[Site "Braunfels"]
[Date "2010.06.04"]
[Round "3"]
[White "Braun, Viktoria"]
[Black "Tinnes, Marie Christine"]
[Result "1-0"]
[WhiteElo "1588"]
[BlackElo "1108"]
[PlyCount "37"]
[EventDate "2010.06.03"]
[EventType "team-swiss"]
[EventRounds "5"]
[EventCountry "GER"]
[SourceTitle "CBM 136 Extra"]
[Source "ChessBase"]
[SourceDate "2010.07.02"]
[SourceVersion "2"]
[SourceVersionDate "2010.07.15"]
[SourceQuality "1"]

1. e4 c6 2. d4 d5 3. exd5 cxd5 4. Nf3 Bf5 5. Bf4 Nd7 6. Bd3 Bxd3 7. Qxd3 h6 8. 0-0 e6 9. Re1 g5 10. Bg3 Ne7 11. Ne5 Bg7 12. Qb5 Qb6 13. Qxd7+ Kf8 14. Nc3 Qxb2 15. Nb5 Qxc2 16. Nd6 Bxe5 17. Bxe5 Rh7 18. Qxb7 Rd8 19. Bf6 1-0